000 00561nam a2200205Ii 4500
001 4476
003 CO-ViMGA
008 241108s9999||||xx |||||||||||||| ||und||
040 _aCO-ViMGA
_bspa
_erda
_cCO-ViMGA
041 0 _aspa
082 0 4 _a611 N765
100 1 _aJanet Noel
_948370
245 1 0 _aEl Cuerpo Humano
264 1 _aBuenos Aires, Argentina : Sigmar, 1973
300 _avolumen
336 _atext
_btxt
_2rdacontent
337 _aunmediated
_bn
_2rdamedia
338 _avolume
_bnc
_2rdacarrier
940 _aidficha_siabuc: 4367. -- ficha_no_siabuc:4476
999 _c43012
_d43012